Statistics for Click the Correct Taylor Swift Song

Click here to take the quiz!

General Stats

  • This quiz has been taken 54 times
  • The average score is 11 of 15

Answer Stats

HintAnswer% Correct
"I hate accidents except when we went from friends to this"Paper Rings
96%
"When I was drowning, that's when I could finally breathe"Clean
89%
"I'm wonderstruck, blushing all the way home"Enchanted
89%
"She'll patch up your tapestry that I shred"champagne problems
81%
"Say my name and everything just stops"Dress
81%
"We'd still worship this love"False God
81%
"You left me no choice but to stay here forever"right where you left me
81%
"Back when we were still changin' for the better"august
78%
"But I hope someday you take me away and save the day, yeah"Superman
74%
"You need one chance, it was a moment of weakness"Should've Said No
63%
"I don't know why all the trees change in the fall"The Best Day
63%
"Staring at the sky, come back and pick me up"Down Bad
59%
"With you I serve, with you I fall down, down"epiphany
52%
"You know how much I hate that everybody just expects me to bounce back"Labyrinth
52%
"Good girls, hopeful they'll be and long they will wait"Sad Beautiful Tragic
52%

Score Distribution

Percentile by Number Answered

Percent of People with Each Score

Your Score History

You have not taken this quiz